logo

Bir Sreshtho Munshi Abdur Rouf Library
Jhenaidah Cadet College

Gulf War : (Record no. 4773)

MARC details
000 -LEADER
fixed length control field 00644nam a2200241 a 4500
001 - CONTROL NUMBER
JCCL Control Number 4773
003 - CONTROL NUMBER IDENTIFIER
JCCL marc code BD-JhCC
005 - DATE AND TIME OF LATEST TRANSACTION
control field 20171203165100.0
008 - FIXED-LENGTH DATA ELEMENTS--GENERAL INFORMATION
fixed length control field 171203s1992 bg |||| ||a| 000 0 eng d
020 ## - INTERNATIONAL STANDARD BOOK NUMBER
International Standard Book Number 9840800795
035 ## - SYSTEM CONTROL NUMBER
system control number (BD-JhCC)4773
040 ## - CATALOGING SOURCE
Original cataloging agency BD-JhCC
Modifying agency BD-JhCC
041 ## - LANGUAGE CODE
Language code of Book eng
082 ## - DEWEY DECIMAL CLASSIFICATION NUMBER
Classification number 956.70442
Author mark and Year HAS 1992
100 ## - MAIN ENTRY--PERSONAL NAME
Personal name Hasan, Mahmud
245 ## - TITLE STATEMENT
Title Gulf War :
Statement of responsibility, etc Mahmud Hasan
Remainder of title Third World and the Euro-American Society /
260 ## - PUBLICATION, DISTRIBUTION, ETC. (IMPRINT)
Place of publication, distribution, etc Dhaka :
Name of publisher, distributor, etc Academic Publishers,
Date of publication, distribution, etc 1992.
300 ## - PHYSICAL DESCRIPTION
Pagination 71 p. :
Dimensions 18 cm.
650 ## - SUBJECT ADDED ENTRY--TOPICAL TERM
Topical term or geographic name as entry element Pension Gulf War (1991)
650 ## - SUBJECT ADDED ENTRY--TOPICAL TERM
Topical term or geographic name as entry element Diplomatic Relations
942 ## - ADDED ENTRY ELEMENTS (KOHA)
Source of classification or shelving scheme Dewey Decimal Classification
Koha item type Books
Holdings
Source of classification or shelving scheme Damaged status Not for loan Home library Current library Shelving location Date of accession Cost, normal purchase price Total Checkouts Full call number Barcode Date last seen Copy number Koha item type
Dewey Decimal Classification     JCC Rouf Library JCC Rouf Library General Stacks 12/03/2017 65.00   956.70442 HAS 1992 6744 12/03/2017 C- 1 Books

JCC Library | Contacts | JCC Home

Last Update on 23 September 2017
Copyright @ 2017-2020 JCC Rouf Library
Rouf Library, Jhenidah Cadet College (JCC), Bangladesh